000 00618cam a22002293a 4500
001 20770
003 PGUSA
005 20140828083437.0
008 070309s2007||||xxu|||||s|||||000 | eng d
040 _aPGUSA
_beng
042 _adc
050 4 _aSB
100 1 _aBurritt, M. C.
_q(Maurice Chase),
_d1883-
245 1 0 _aApple Growing
_h[electronic resource] /
_cM. C. Burritt
260 _bProject Gutenberg,
_c2007
506 _aPublic domain in the USA.
516 _aElectronic text
653 _aApples
830 0 _aProject Gutenberg
_v20770
856 4 0 _uhttp://www.gutenberg.org/ebooks/20770
942 _cEB
999 _c250025
_d250025